ARRUPE JESUIT UNIVERSITY

CORONAVIRUS -STOP THE SPREAD - CLEAN,DISINFECT,COVER

The history of econometric ideas / (Record no. 121523)

MARC details
000 -LEADER
fixed length control field 01013cam a2200325 a 4500
001 - CONTROL NUMBER
control field 844979
003 - CONTROL NUMBER IDENTIFIER
control field ARRUPE
005 - DATE AND TIME OF LATEST TRANSACTION
control field 20141216141128.0
008 - FIXED-LENGTH DATA ELEMENTS--GENERAL INFORMATION
fixed length control field 900706s1990 enka b 001 0 eng
010 ## - LIBRARY OF CONGRESS CONTROL NUMBER
LC control number 89009790
020 ## - INTERNATIONAL STANDARD BOOK NUMBER
Cancelled/invalid ISBN 0521272980
035 ## - SYSTEM CONTROL NUMBER
System control number (OCoLC)20013335
035 ## - SYSTEM CONTROL NUMBER
System control number (OCoLC)ocm20013335
035 ## - SYSTEM CONTROL NUMBER
System control number (CStRLIN)NYCG90-B41610
035 ## - SYSTEM CONTROL NUMBER
System control number (NNC)844979
040 ## - CATALOGING SOURCE
Modifying agency NjR
Transcribing agency hg
050 0# - LIBRARY OF CONGRESS CALL NUMBER
Classification number HB139
Item number .M66 1990
082 0# - DEWEY DECIMAL CLASSIFICATION NUMBER
Classification number 330/.01/5195
Edition number 20
090 ## - LOCALLY ASSIGNED LC-TYPE CALL NUMBER (OCLC); LOCAL CALL NUMBER (OCLC)
Classification number (OCLC) (R) ; Classification number, CALL (RLIN) (NR) HB139
Local cutter number (OCLC) ; Book number/undivided call number, CALL (RLIN) .M66 1990
300 ## - PHYSICAL DESCRIPTION
Other physical details ill. ;
Dimensions 24 cm.
100 1# - MAIN ENTRY--PERSONAL NAME
Personal name Morgan, Mary S.
9 (RLIN) 13467
245 14 - TITLE STATEMENT
Title The history of econometric ideas /
Statement of responsibility, etc Mary S. Morgan.
260 ## - PUBLICATION, DISTRIBUTION, ETC. (IMPRINT)
Place of publication, distribution, etc Cambridge ;
-- New York :
Name of publisher, distributor, etc Cambridge University Press,
Date of publication, distribution, etc 1990.
300 ## - PHYSICAL DESCRIPTION
Extent xv, 296 p. :
490 1# - SERIES STATEMENT
Series statement Historical perspectives on modern economics
504 ## - BIBLIOGRAPHY, ETC. NOTE
Bibliography, etc Includes bibliographical references (p. [265]-280) and index.
650 #0 - SUBJECT ADDED ENTRY--TOPICAL TERM
Topical term or geographic name as entry element Econometrics.
9 (RLIN) 13468
830 #0 - SERIES ADDED ENTRY--UNIFORM TITLE
Uniform title Historical perspectives on modern economics.
9 (RLIN) 13469
942 ## - ADDED ENTRY ELEMENTS (KOHA)
Source of classification or shelving scheme Library of Congress Classification
Koha item type Monograph ( Printed materials)
Holdings
Withdrawn status Lost status Source of classification or shelving scheme Damaged status Not for loan Collection code Home library Current library Shelving location Date acquired Total Checkouts Full call number Barcode Date last seen Date checked out Price effective from Koha item type
    Library of Congress Classification     Main Collection ARRUPE LIBRARY ARRUPE LIBRARY Main Collection 16/12/2014 1 HB139 .M66 1990 46500003410 23/04/2018 23/09/2016 16/12/2014 Monograph ( Printed materials)

 

Arrupe Library. PO Box MP320 Mt Pleasant, Harare, Zimbabwe
263 242 745411|librarian@aju.ac.zw